Pengenalan Kepada Pengurusan Rekod Dan Sistem Fail / (Record no. 27209)

000 -LEADER
fixed length control field 00834nam a22002417a 4500
001 - CONTROL NUMBER
control field 0000003818
003 - CONTROL NUMBER IDENTIFIER
control field PPM
005 - DATE AND TIME OF LATEST TRANSACTION
control field 20260421113244.0
008 - FIXED-LENGTH DATA ELEMENTS--GENERAL INFORMATION
fixed length control field 260421b ||||| |||| 00| 0 eng d
020 ## - INTERNATIONAL STANDARD BOOK NUMBER
International Standard Book Number 983431230X
Terms of availability RM 20.00
Qualifying information Paperback
035 ## - SYSTEM CONTROL NUMBER
System control number 0000003818
040 ## - CATALOGING SOURCE
Language of cataloging Malay
Transcribing agency Pusat Penyelidikan Mineral, Jabatan Mineral Dan Geosains Malaysia
Modifying agency PPM
Description conventions RDA
082 00 - DEWEY DECIMAL CLASSIFICATION NUMBER
Edition number 22
Classification number 651.2095
Item number SAV 2006
100 1# - MAIN ENTRY--PERSONAL NAME
Personal name Savumthararaj, G.
Relator term author
245 10 - TITLE STATEMENT
Title Pengenalan Kepada Pengurusan Rekod Dan Sistem Fail /
Statement of responsibility, etc. by Savumthararaj.G
250 ## - EDITION STATEMENT
Edition statement 1st.ed.
260 #1 - PUBLICATION, DISTRIBUTION, ETC.
Place of publication, distribution, etc. Kuala Lumpur :
Name of publisher, distributor, etc. Savumthararaj.G.,
Date of publication, distribution, etc. 2006
300 00 - PHYSICAL DESCRIPTION
Extent vi, 184 pages.,
Other physical details table, illustrations .;
Dimensions 25 cm
504 ## - BIBLIOGRAPHY, ETC. NOTE
Bibliography, etc. note Mengandungi rujukan bibliografi (p.: 181 - 184 )
650 10 - SUBJECT ADDED ENTRY--TOPICAL TERM
Topical term or geographic name entry element Records
General subdivision Management
Geographic subdivision Malaysia
650 20 - SUBJECT ADDED ENTRY--TOPICAL TERM
Topical term or geographic name entry element Filing systems
942 ## - ADDED ENTRY ELEMENTS (KOHA)
Source of classification or shelving scheme
Koha item type Books
Holdings
Withdrawn status Lost status Source of classification or shelving scheme Damaged status Not for loan Collection code Permanent Location Current Location Shelving location Date acquired Cost, normal purchase price Total Checkouts Full call number Date last seen Price effective from Koha item type
Available         Open Shelf PPM PPM Open Shelf 21/04/2026 20.00   651.5095 SAV 2006 21/04/2026 21/04/2026 Books